The relationship between cognitive styles and physics achievement of Malaysian Form IV science students /
Saved in:
| Main Author: | |
|---|---|
| Format: | Thesis Book |
| Language: | English |
| Published: |
1991.
|
| Subjects: | |
| Tags: |
Add Tag
No Tags, Be the first to tag this record!
|
| LEADER | 01503cam a2200325 a 4500 | ||
|---|---|---|---|
| 001 | u246213 | ||
| 003 | SIRSI | ||
| 008 | 920826s1991 my t 1 eng m | ||
| 035 | |a ABD-3062 | ||
| 040 | |a UMM | ||
| 043 | |a a-my--- | ||
| 090 | |a LB1648 |b Sat | ||
| 091 | |a Microfiche 12248. | ||
| 100 | 0 | 0 | |a Sathiamoorthy Kannan. |
| 245 | 1 | 4 | |a The relationship between cognitive styles and physics achievement of Malaysian Form IV science students / |c by Sathiamoorthy Kannan. |
| 260 | |c 1991. | ||
| 300 | |a xi, 239 leaves ; |c 29cm. | ||
| 500 | |a Also available on microfiche. Kuala Lumpur : Perpustakaan Universiti Malaya, 1996. 3 fiches : negative ; 11x15 cm. | ||
| 502 | |a Dissertation (M.Ed.) -- Fakulti Pendidikan, Universiti Malaya, 1992. | ||
| 504 | |a Bibliography: leaves 103-111. | ||
| 650 | 0 | |a Physics |x Study and teaching (Secondary) |z Malaysia. | |
| 650 | 0 | |a Science |x Study and teaching (Secondary) |z Malaysia. | |
| 650 | 0 | |a Cognition in children |z Malaysia. | |
| 710 | 2 | 0 | |a Universiti Malaya. |b Fakulti Pendidikan. |
| 948 | |a 26/08/1992 |b 29/07/2002 | ||
| 596 | |a 1 8 | ||
| 999 | |a LB1648 SAT |w LC |c 1 |i A011129389 |d 2/12/2017 |e 2/12/2017 |l STACKS |m P01UTAMA |n 14 |r Y |s Y |t TESIS |u 26/8/1992 | ||
| 999 | |a LB1648 SAT |w LC |c 1 |i A506696615 |l MISSING |m P08PENDIDI |r Y |s Y |t TESIS |u 1/10/1997 |o .CIRCNOTE. | ||
| 999 | |a LB1648 SAT |w LC |c 2 |i A511076258 |l MISSING |m P08PENDIDI |r Y |s Y |t TESIS |u 9/4/2003 |o .CIRCNOTE. update 3/3/2021 missing not in Stack | ||
| 999 | |a LB1648 SAT |w LC |c 3 |i A511077695 |l MISSING |m P08PENDIDI |r Y |s Y |t TESIS |u 9/4/2003 | ||
